000 00567nam a22001937a 4500
003 OSt
005 20170425131431.0
008 170425b xxu||||| |||| 00| 0 eng d
020 _a0521474043
040 _cDDC.
082 _a530.416CHU 1998.
100 _aChudnovsky,M.Eugine;Tejada,Javier;
_912118
245 _aMacroscopic Quantum Tunneling of the Magnetic Moment.
260 _aCambridge;
_bCambridge University Press,
_c1998.
300 _axi,173p;ill:25cm.
504 _areferences and index are included.
650 _aphysics.
_9809
942 _2ddc
_cO_SHELF
999 _c5834
_d5834